|
|
|
|
| LEADER |
00000naa2a2200000 4500 |
| 001 |
238691 |
| 005 |
20231031205227.0 |
| 035 |
|
|
|a (RuTPU)RU\TPU\book\259888
|
| 035 |
|
|
|a RU\TPU\book\259767
|
| 090 |
|
|
|a 238691
|
| 100 |
|
|
|a 20130530d2011 k y0rusy50 ca
|
| 101 |
0 |
|
|a rus
|
| 102 |
|
|
|a RU
|
| 200 |
1 |
|
|a Влияние финансовых пузырей на экономическую систему
|f П. Н. Леонтьев
|
| 225 |
1 |
|
|a Проблемы теории и методологии экономической науки
|
| 320 |
|
|
|a Библиогр.: с. 359 (8 назв.)
|
| 463 |
|
0 |
|0 (RuTPU)RU\TPU\book\250468
|t Экономика России в XXI веке
|o сборник научных трудов VIII Всероссийской научно-практической конференции "Фундаментальные проблемы модернизации экономики России", г. Томск, 15-18 ноября 2011 г.
|f Национальный исследовательский Томский политехнический университет (ТПУ), Инженерно-экономический факультет ; под ред. Г. А. Барышевой, Л. М. Борисовой
|v С. 357-359
|d 2011
|p 420 с.
|
| 610 |
1 |
|
|a труды учёных ТПУ
|
| 610 |
1 |
|
|a финансовые пузыри
|
| 610 |
1 |
|
|a экономические системы
|
| 610 |
1 |
|
|a экономика
|
| 610 |
1 |
|
|a диагностика
|
| 610 |
1 |
|
|a Россия
|
| 610 |
1 |
|
|a экономические пузыри
|
| 610 |
1 |
|
|a экономические кризисы
|
| 700 |
|
1 |
|a Леонтьев
|b П. Н.
|
| 801 |
|
1 |
|a RU
|b 63413507
|c 20121214
|
| 801 |
|
2 |
|a RU
|b 63413507
|c 20130603
|g RCR
|
| 942 |
|
|
|c BK
|